| 000 | 01493nam a2200385Ii 4500 | ||
|---|---|---|---|
| 001 | DIGPOLIF0088 | ||
| 003 | NyNyDIG | ||
| 006 | m o d | ||
| 007 | cr ||||||||||| | ||
| 008 | 131001s2012 sp b ob 001 0 spa d | ||
| 020 | _z9788496813632 (Edciones Polifemo) | ||
| 020 | _z8496813630 (Ediciones Polifemo) | ||
| 020 | _z9788400094294 (C.S.I.C.) | ||
| 020 | _z8400094298 (C.S.I.C.) | ||
| 035 | _a(OCoLC)888274179 | ||
| 040 |
_aDGITA _beng _epn _cDGITA |
||
| 043 | _ae-sp--- | ||
| 050 | 1 | 4 | _aDP302.G13 eBook |
| 100 | 1 |
_aAlbaladejo Vivero, Manuel, _d1970- |
|
| 245 | 1 | 0 |
_aLéxico de topónimos y etnónimos del Noroeste de la Península Ibérica en la Antigüedad / _cManual Albaladejo Vivero ; con cartografía elaborada por José María Gómez Fraile. |
| 264 | 1 |
_aMadrid : _bEdiciones Polifemo : _bConsejo Superior de Investigaciones Científicas, _c2012. |
|
| 300 |
_a1 online resource (219 pages): _bmaps. |
||
| 336 |
_atext _btxt _2rdacontent |
||
| 337 |
_acomputer _bc _2rdamedia |
||
| 338 |
_aonline resource _bcr _2rdacarrier |
||
| 504 | _aIncludes bibliographical references and index. | ||
| 650 | 0 |
_aNames, Geographical _zSpain _zGalicia (Region) |
|
| 650 | 0 | _aToponymy. | |
| 655 | 0 | _aElectronic books. | |
| 791 | 2 |
_aDigitalia (Firm), _edistributor. |
|
| 793 | 0 |
_gDigitalia eBook Collection: _aEdiciones Polifemo. |
|
| 856 | 4 | 0 |
_3Digitalia Hispánica _uhttps://www.digitaliapublishing.com/a/18915/ |
| 910 | _aPremium Collection: 2007-2012 | ||
| 942 | _cRAA | ||
| 999 |
_c236147 _d236147 |
||